000 00622nam a2200229Ia 4500
003 OSt
005 20221006165118.0
006 a|||||r|||| 00| 0
007 ta
008 221006b |||||||| |||| 00| 0 hin d
024 _a5,751
037 _cTextual
040 _aFML
_cFML
_bhin
041 _2hin
_ahin
082 _aNR44,21, P6
100 _aSharma Yashpal Au.
_9679119
245 0 _aBharatiya Sangeet Main Shruti
260 _aDelhi
_bKanishk Publishers, Distributors India
_c2006
300 _a236
_ccm.
942 _hNR44,21, P6
_cTEXL
_2CC
999 _c1119642
_d1119642